Fireproof - One Direction (All Lyrics) - Statistics

General Stats
  • This quiz has been taken 49 times
  • The average score is 209 of 237
Answer Stats
Answer % Correct
a
100%
and
100%
fireproof
100%
I
100%
the
100%
you
100%
baby
96%
do
96%
it's
96%
loves
96%
me
96%
so
96%
way
96%
be
91%
been
91%
can't
91%
I'm
91%
long
91%
nobody
91%
my
87%
think
87%
up
87%
'cause
83%
give
83%
gonna
83%
got
83%
knows
83%
luck
83%
of
83%
out
83%
roll
83%
win
83%
are
78%
burning
78%
deep
78%
feeling
78%
inside
78%
lose
78%
mind
78%
something
78%
'til
78%
time
78%
all
74%
this
74%
yeah
74%
were
70%
change
65%
jet
65%
won't
65%
maybe
61%
must
61%
taking
61%
stream
57%
than
57%
hotter
52%
saves
48%
on
39%
riding
35%
wind
35%
No matching quizzes found
Score Distribution
Percent of People with Each Score
Percentile by Number Answered
Your Score History
You have not taken this quiz